000 00364nam a2200157Ia 4500
008 230524s9999 xx 000 0 und d
082 _a174.4
_bAGA
100 _aAguinis
245 0 _aPerformance Management
250 _aIST
260 _aNEW DELHI
_bPearson
_c2009
300 _aIX;417
500 _aQuantity Number: 2
650 _aManagement
942 _cBK
999 _c45509
_d45509